000 01201nam a2200265 i 4500
001 46102
003 ES-MaACL
005 20250903012937.0
007 t|
008 030327s1950 sz ||||1| fre d
111 2 _aConférence Internationale de l'Instruction Publique (
_n13ª.
_d1950.
_cGinebra)
_9147
245 1 2 _aL'initiation mathematique a l'école primaire /
_cconvoquée par l'Unesco et le B.I.E.
260 _aParis, etc. :
_bUNESCO,
_c[1950]
300 _a272 p. ;
_c24 cm.
490 1 _aPublications du Bureau International d'Education ;
_v120
500 _aFecha tomada del lomo.
650 0 4 _aMatemáticas-
_xEstudio y enseñanza
_914818
710 2 0 _aOficina Internacional de Educación
_96022
830 0 _aPublications du Bureau International d'Education ;
_v120
_9181740
852 _aES-MaACL
_jD-6364
_bR.30304
_bR.M. 5959
_947825
_cSVI
_fSello en tinta azul de la Biblioteca del Ateneo de Madrid
_gAnotación manuscrita en cubierta: "11"
_zEn cubierta: "22. DIC. 1950"
942 _2udc
_cMONOGRAFIA
999 _c46102
_d46102